00669 a2200157 450000500170000002000180001708200160003510000160005124500990006726001020016630000650026870000150033394200130034899900130036195201370037420250623075015.0 a92-64-03862-0 a332.041 FIS aFISCHER, B. aLiberalising Capital Flows in Developing Countries: Pitfalls, Prerequisites and Perspectives. aFrance,bDevelopment Centre of the Organisation for Economic Co-operation and Development,c1993. a155p.: ill.; figure, tablebBibliography & References.c23cm aREISEN, H. 2ddccBKS c510d510 r2025-03-12 17:21:37l0o332.041 FISp0000002112v60000.00w2025-03-12yBKS102ddc407000aCBEMLbCBEMLcGENd2025-03-12g20000.00